000 01221cam a2200241 4500
001 ABS68840
008 050322n2005 000 0 eng u
035 _a(Sirsi) u129120
100 _aCrosby, N.
245 2 _aA new lease of life
260 _c2005
490 _aEstates Gazette
_v(0509) 5 March 2005, 179-180(2)
520 _aOutlines the findings of "Monitoring the 2002 code of practice for commercial leases : final report" (J128921) commissioned by the ODPM. The report provides an independent view on whether lease structures are becoming more flexible, the extent to which tenants are now being offered a choice of alternative terms, the degree of awareness of property matters shown by small business tenants and whether or not the code is influencing the market. Concludes that flexibility is improving in some areas and that the 2002 code has had a greater effect than its predecessor.
590 _aKA
650 _aCODE FOR LEASING BUSINESS PREMISES IN ENGLAND AND WALES
650 _aRENT REVIEWS
650 _aBUSINESS TENANCIES
650 _aUPWARD ONLY RENT REVIEWS
690 _aLANDLORD AND TENANT-BUSINESS TENANCIES
700 _aMurdoch, S.
700 _aHughes, C.
942 _n0
999 _c74959
_d74959